000 01023nmm a2200289 a 4500
003 AR-BaBNM
005 20251128205521.0
008 011101s1997 ||||||||||||||000 | spa||
020 _a987-9191-07-2
040 _cAR-BaBNM
245 1 0 _aVentanas abiertas a la educación polimodal
_baportes teóricos, sugerencias prácticas, experiencias de educación en y para el trabajo
250 _a1ª ed.
260 _aBuenos Aires
_bEdiciones Novedades Educativas
_c1997
300 0 _a204 p.
_btablas, diagr., il.
504 _aContiene referencias bibliográficas p. 199-204
653 0 _aEDUCACION POLIMODAL
653 0 _aTRAYECTOS TECNICO-PROFESIONALES
653 0 _aREFORMA EDUCATIVA
653 0 _aCONTENIDOS BASICOS COMUNES
653 0 _aMODALIDADES DEL POLIMODAL
653 0 _aPROYECTOS CURRICULARES
700 1 _aFerreyra, Horacio Ademar
_ecompilador
700 1 _aAlonso, María Cristina
_ecolaborador
700 1 _aAudisio, Miguel
_ecolaborador
700 1 _aBachich, Graciela
_ecolaborador
942 _cBK
999 _c11713
_d11713